000
00204nam a2200085Ia 4500
008
120527s9999 xx 000 0 und d
100
_a
Jencks, Christopher
245
_a
Rethinking social policy
942
_c
BK
999
_c
27740
_d
27740